<?xml version="1.0" encoding="UTF-8"?>
<record
    xmlns:xsi="http://www.w3.org/2001/XMLSchema-instance"
    xsi:schemaLocation="http://www.loc.gov/MARC21/slim http://www.loc.gov/standards/marcxml/schema/MARC21slim.xsd"
    xmlns="http://www.loc.gov/MARC21/slim">

  <leader>00697nam a2200253 u 4500</leader>
  <controlfield tag="001">146685</controlfield>
  <controlfield tag="005">20260506075519.0</controlfield>
  <controlfield tag="008">971118s1946                        eng  </controlfield>
  <datafield tag="035" ind1=" " ind2=" ">
    <subfield code="a">146685</subfield>
  </datafield>
  <datafield tag="035" ind1=" " ind2=" ">
    <subfield code="a">(OCoLC)777995347</subfield>
  </datafield>
  <datafield tag="040" ind1=" " ind2=" ">
    <subfield code="c">comduadb</subfield>
  </datafield>
  <datafield tag="041" ind1=" " ind2=" ">
    <subfield code="a">eng</subfield>
  </datafield>
  <datafield tag="080" ind1=" " ind2=" ">
    <subfield code="a">WA</subfield>
  </datafield>
  <datafield tag="100" ind1="1" ind2="0">
    <subfield code="a">Olson, Lyla Mae</subfield>
    <subfield code="4">aut</subfield>
    <subfield code="e">aut</subfield>
    <subfield code="9">508481</subfield>
  </datafield>
  <datafield tag="245" ind1="1" ind2="0">
    <subfield code="a">Prevention, first aid &amp; emergencies</subfield>
  </datafield>
  <datafield tag="260" ind1=" " ind2=" ">
    <subfield code="a">Estados Unidos :</subfield>
    <subfield code="b">Saunders,</subfield>
    <subfield code="c">1946.</subfield>
  </datafield>
  <datafield tag="300" ind1=" " ind2=" ">
    <subfield code="a">591 p&#xE1;ginas</subfield>
  </datafield>
  <datafield tag="650" ind1=" " ind2=" ">
    <subfield code="a">Primeros auxilios</subfield>
    <subfield code="9">6912</subfield>
  </datafield>
  <datafield tag="650" ind1=" " ind2="7">
    <subfield code="a">Anatom&#xED;a</subfield>
    <subfield code="2">dcs</subfield>
    <subfield code="9">4276</subfield>
  </datafield>
  <datafield tag="650" ind1=" " ind2="7">
    <subfield code="a">Urgencias m&#xE9;dicas</subfield>
    <subfield code="2">dcs</subfield>
    <subfield code="9">24106</subfield>
  </datafield>
  <datafield tag="650" ind1=" " ind2=" ">
    <subfield code="a">Neoplasias - Prevenci&#xF3;n y control</subfield>
    <subfield code="9">141384</subfield>
  </datafield>
  <datafield tag="650" ind1=" " ind2=" ">
    <subfield code="a">Prevenci&#xF3;n</subfield>
    <subfield code="9">38271</subfield>
  </datafield>
  <datafield tag="942" ind1=" " ind2=" ">
    <subfield code="c">BOOK</subfield>
  </datafield>
  <datafield tag="999" ind1=" " ind2=" ">
    <subfield code="c">74156</subfield>
    <subfield code="d">74156</subfield>
  </datafield>
  <datafield tag="952" ind1=" " ind2=" ">
    <subfield code="0">0</subfield>
    <subfield code="1">0</subfield>
    <subfield code="4">0</subfield>
    <subfield code="7">0</subfield>
    <subfield code="8">HIS. MEDIC</subfield>
    <subfield code="a">BM</subfield>
    <subfield code="b">BM</subfield>
    <subfield code="d">1997-11-18</subfield>
    <subfield code="e">Material adquirido por donaci&#xF3;n</subfield>
    <subfield code="i">C201975</subfield>
    <subfield code="l">0</subfield>
    <subfield code="o">WA292 O4-46</subfield>
    <subfield code="p">61000000538732</subfield>
    <subfield code="r">2023-04-21 00:00:00</subfield>
    <subfield code="t">1</subfield>
    <subfield code="w">2023-04-21</subfield>
    <subfield code="y">BOOKI</subfield>
  </datafield>
</record>
